000 00378nam 22001453 4500
001 32634
090 _a32634
100 _a20260325d u||y0pory50 ba
101 _aeng
200 _aNomography and Empirical Equations
_fLee H. Johnson
210 _aNew York
_cJohn Wiley &Sons, Inc
_d1952
215 _a150 p.
_c23 cm
317 _5Serviço Meteorológico Nacional
801 _gISBD
942 _n0